| Record ID | talis_openlibrary_contribution/talis-openlibrary-contribution.mrc:2041501815:394 |
| Source | Talis |
| Download Link | /show-records/talis_openlibrary_contribution/talis-openlibrary-contribution.mrc:2041501815:394?format=raw |
LEADER: 00394cam a2200145 a 4500
001 e767032d7e374a7ba90b4a91a5ed0171
003 UK-BiTAL
005 20050705165956.0
008 010712s1936 xxk | 000 ||eng|d
035 $a()M0040429SH
040 $aUkShU$cUkShU$dUK-BiTAL
100 1 $aBell, Neil,$d1887-1964.
245 10 $aCrocus /$ca novel by Neil Bell.
260 $aLondon :$bCollins,$c1936.
300 $a391p.